[Event "LL Nord Werder III - Post SV Uelzen"]
[Site "?"]
[Date "2019.02.03"]
[Round "6.4"]
[White "Krallmann, Matthias"]
[Black "Bogomolow, Sergej"]
[Result "1/2-1/2"]
[WhiteElo "2100"]
[BlackElo "2084"]
[Annotator "Stephan"]
[PlyCount "47"]
[EventDate "2019.??.??"]

1. d4 Nf6 2. c4 g6 3. g3 Bg7 4. Bg2 O-O 5. Nf3 d6 6. O-O Nbd7 7. Nc3 e5 8. e4
Re8 9. h3 exd4 10. Nxd4 a6 11. Re1 Rb8 12. Rb1 Ne5 13. b3 c5 14. Nc2 b5 15. f4
Ned7 16. cxb5 axb5 17. Qxd6 Nh5 18. Ne2 Qa5 {bis dahin schon alles dagewesen}
19. e5 $146 Qxa2 20. Rb2 Qa7 21. Be3 Re6 22. Qd2 g5 $2 23. Ra1 (23. Nb4 $1 Nxg3
$1 24. Nxg3 gxf4 25. Bxf4 cxb4+ 26. Kh2 {ziemlich unklar, aber die Engine
zeigt großen Vorteil für Weiß ...}) 23... Qc7 24. Qa5 (24. Qa5 Nb6 $15)
1/2-1/2

[Event "LL Nord Werder III - Post SV Uelzen"]
[Site "?"]
[Date "2019.02.03"]
[Round "6.5"]
[White "Mittelstädt, Hendrick"]
[Black "Heldt, Nils-Lennart"]
[Result "1/2-1/2"]
[WhiteElo "2054"]
[BlackElo "2147"]
[Annotator "Stephan"]
[PlyCount "33"]
[EventDate "2019.??.??"]

1. d4 Nf6 2. Nf3 e6 3. Bg5 d5 4. Nbd2 Be7 5. e3 O-O 6. Bd3 Nbd7 7. c3 b6 8. O-O
Bb7 9. h3 c5 10. Bf4 Ne4 11. Ne5 Nxe5 12. dxe5 Nxd2 13. Qxd2 Qc8 14. Rfe1 Rd8
15. Rac1 a5 16. Qe2 Ba6 17. Bxa6 1/2-1/2

[Event "LL Nord Werder III - Post SV Uelzen"]
[Site "?"]
[Date "2019.02.03"]
[Round "6.6"]
[White "Elmali, Timur"]
[Black "Gomolla, Peter"]
[Result "1-0"]
[WhiteElo "2102"]
[BlackElo "2023"]
[Annotator "Stephan"]
[PlyCount "75"]
[EventDate "2019.??.??"]

1. d4 Nf6 2. c4 e5 3. dxe5 Ng4 4. e4 Nxe5 5. f4 Ng6 6. Be3 Bb4+ 7. Nc3 O-O 8.
Bd3 d6 9. Nge2 Nc6 10. a3 Bxc3+ 11. Nxc3 f5 12. O-O Be6 13. exf5 Bxf5 14. Bxf5
Rxf5 15. Qg4 Rf7 16. Nd5 Qd7 17. Qh5 Re8 18. Rf3 Rf5 19. Qh3 Rf7 20. g4 $6 {
Timur spielt scharf "nach vorne" - das hätte schief gehen können ...} Nce7 (
20... Na5 21. f5 Ne5 22. Rg3 Naxc4 $17) 21. Nc3 Qc6 22. Raf1 Qxc4 23. f5 Ne5
24. Rg3 Nd5 25. Nxd5 Qxd5 26. g5 g6 (26... Nc4 27. Bc1 Qd4+ 28. Kh1 Nxb2 $19)
27. f6 Nc4 28. Bc1 Nd2 29. Bxd2 Qxd2 30. Rg2 Qe3+ 31. Qxe3 Rxe3 32. Kf2 Re5 33.
Re1 Rxe1 34. Kxe1 Rd7 35. Kd2 $11 {Der gedeckte Freibauer auf f6 sichert genug
Gegenspiel} Kf7 36. Kd3 d5 37. Kd4 c6 38. Re2 {und Schwarz überschritt die
Zeit !!?} 1-0

[Event "LL Nord Werder III - Post SV Uelzen"]
[Site "?"]
[Date "2019.02.03"]
[Round "6.7"]
[White "Askerov, Imamali"]
[Black "Büscher, Andre"]
[Result "1-0"]
[WhiteElo "2054"]
[BlackElo "2147"]
[Annotator "Stephan"]
[PlyCount "89"]
[EventDate "2019.??.??"]

1. e4 e6 2. d4 d5 3. Nd2 h6 4. c3 c5 5. Ngf3 Nc6 6. exd5 exd5 7. dxc5 Bxc5 8.
Nb3 Bb6 9. Bd3 Qe7+ 10. Qe2 Qxe2+ 11. Bxe2 Nf6 12. O-O O-O $11 13. Bf4 Re8 14.
Bd3 Bg4 15. Nbd2 Ne4 16. Rae1 g5 {André übernimmt die Initiative ...} 17. Be3
Nxd2 18. Nxd2 Bxe3 19. fxe3 Kg7 20. h3 Bh5 21. Nb3 Bg6 22. Bxg6 Kxg6 23. Nd4
Nxd4 24. exd4 f5 25. Kf2 h5 26. Kf3 h4 $1 $17 27. Rg1 Re4 28. Rxe4 dxe4+ $19 {
... und jetzt hat er senen Gegner überspielt.} 29. Ke3 Re8 30. d5 f4+ 31. Ke2
Kf5 32. Rd1 g4 33. hxg4+ Kxg4 34. d6 Kg3 35. d7 Rd8 36. Kf1 h3 {Das ist
natürlich sehr naheligend, sich die verbundenen Freibauern zu schaffen, aber
besser war wohl} (36... f3 37. gxf3 exf3 38. Kg1 h3 39. Rd3 h2+ 40. Kh1 Kf2 41.
Rd6 Kf1 42. c4 f2 43. c5 a5 44. b3 Ke2 45. Re6+ Kd2 46. Rf6 Ke3 $17) 37. gxh3
f3 38. Rd6 Kxh3 $2 {Dieser Gewinnversuch geht leider vollkommen schief. André
berechnete korrekt, dass} (38... e3 39. Rg6+ Kxh3 40. Rg7 {nur remis ist}) 39.
Kf2 Kg4 40. Ke3 Kf5 41. Rd4 b6 42. a4 Kg4 $2 {Das ist endgültig ein Schritt
in die falsche Richtung. Wenn der König hinten bleibt, kann Weiß das
Bauernduo e4/f3 nicht vernichten ohne d7 zu verlieren.} (42... a5 43. b3 Kf6
44. Rxe4 Rxd7 {und Schwarz hat Remischancen}) 43. Rxe4+ $18 Kg3 44. Re7 Kg2 45.
Rg7+ 1-0

[Event "LL Nord Werder III - Post SV Uelzen"]
[Site "?"]
[Date "2019.02.03"]
[Round "6.8"]
[White "Erofeev, Anastasia"]
[Black "Schulze, Ingo"]
[Result "1/2-1/2"]
[WhiteElo "1983"]
[BlackElo "1983"]
[Annotator "Stephan"]
[PlyCount "28"]
[EventDate "2019.??.??"]

1. d4 Nf6 2. c4 g6 3. g3 Bg7 4. Bg2 d6 5. Nf3 O-O 6. O-O Nc6 7. Nc3 Bf5 8. b3
e5 9. e3 Ne4 10. Bb2 Nxc3 11. Bxc3 exd4 12. Nxd4 Nxd4 13. Bxd4 Bxd4 14. Qxd4
Qc8 1/2-1/2

[Event "LL Nord Lilienthal - Werder 3"]
[Site "?"]
[Date "2019.02.24"]
[Round "7.2"]
[White "Jugelt, Tobias"]
[Black "Buchal, Stephan"]
[Result "1-0"]
[WhiteElo "2239"]
[BlackElo "2270"]
[Annotator "Stephan"]
[PlyCount "53"]
[EventDate "2019.??.??"]

{100 Min. 40 Züge + 50 Min. Rest + 30 Sek.} 1. d4 d6 2. g3 g6 3. Bg2 Bg7 4. e4
Nf6 5. Nc3 O-O {91 - 100} 6. Nge2 e5 7. O-O c6 8. a4 a5 9. h3 Na6 10. Be3 Nb4 {
87 - 99 Soweit alles okay. Ich hate die Variante zwar noch nie auf dem Brett,
aber habe sie mir in der letzten Zeit ein paar Mal angesehen (Marin Buch!) und
wollte sie ausprobieren. Bis hierhin war alles "Hauptvariante".} 11. f4 (11.
Qd2 {ist hier der Hauptzug, danach empfiehlt Marin} Be6 12. Rad1 Bc4 {mit
komplizierter Stellung. Ich meinte mich zu erinnern, dass Marin das frühe f4
als "ungefährlich", "droht nichts" charakterisiert, tatsächlich betrachtet
er es überhaupt nicht, sondern erst im 12. Zug nach 11.Dd2 Le6 12.f4 und dann
12.. Lc4.}) 11... Re8 (11... Nh5 {Motylev, Efimenko (!)}) (11... exf4 {Ivanchuk
}) 12. Qd2 exd4 {Dieses Manöver - ..exd4 nebst ..d5 und dann ..Sd7 und ..f6 -
war mir aus ähnlichen Stellungen in dieser Variante bekannt und ich glaubte
auch hier, dass es zum Ausgleich gut genug sei.} 13. Bxd4 d5 14. e5 Nd7 15. g4
f6 {74 - 69} 16. exf6 Nxf6 17. f5 $6 (17. Rad1 $142 $16 {Stockfish - deckt die
Dame und verhindert ..Se4.}) 17... gxf5 18. gxf5 b6 19. Ng3 Bb7 $2 {nach
langem Nachdenken, 23 Minuten, die falsche Entscheidung. Ich war unsicher in
der Variante} (19... Ra7 20. Rae1 Rae7 21. Rxe7 Rxe7 22. Bxf6 (22. Nce2 $16 {
Stockfish}) 22... Bxf6 23. Nh5 {aber} Rf7 {ist völlig o.k.}) (19... Ba6 $142
20. Rfe1 Ne4 21. Ncxe4 dxe4 22. c3 Bxd4+ 23. cxd4 Nd3) 20. Rae1 c5 $2 {52 - 24.
Das war die eigentliche "Pointe" von 19..Lb7. Leider stimmt das nicht.} 21.
Rxe8+ Qxe8 22. Bxf6 Bxf6 {Ich dachte hier mit dem Läuferpaar und dem
beweglichen Zentrum gutes Spiel zu haben.} 23. Nb5 $1 $18 {Nach langem
Nachdenken findet Jugelt diesen starken Zug. Das hatte ich gar nicht auf der
Rechnung. Ich fand keine befriedigende Fortsetzung - Stockfish ist schnell bei
+3 und mehr.} Qe5 24. Nh5 Bh4 {Ich will wenigstens Te1 - Te6 - Sd6 verhindern.
Aber das nutzt nichts mehr.} 25. Qh6 Rf8 {[%emt 0:00:03] 27 -} 26. Nd6 Bc6 27.
f6 1-0

[Event "LL Nord Lilienthal - Werder 3     "]
[Site "?"]
[Date "2019.02.24"]
[Round "7.4"]
[White "Hoeksema, Hendrik Pieter"]
[Black "Colbow, Collin"]
[Result "0-1"]
[WhiteElo "2352"]
[BlackElo "2137"]
[Annotator "Colbow,Collin"]
[PlyCount "46"]
[EventDate "2019.??.??"]

1. c4 c5 2. Nc3 g6 3. Nf3 Bg7 4. e3 Nf6 5. d4 b6 (5... cxd4 {eine Altrnative}
6. exd4 d5 7. cxd5 Nxd5 $11) 6. d5 d6 7. h3 O-O 8. Bd3 e5 9. g4 $2 (9. O-O Ne8
10. e4 f5) 9... e4 $1 10. Nxe4 Nxe4 11. Bxe4 f5 12. gxf5 Qe7 $1 13. Qc2 Bxf5
14. Nd2 Nd7 15. Bxf5 Rxf5 16. Ne4 Ne5 $6 {Etwas überstürtzt} (16... Raf8 17.
Bd2 Bxb2) 17. f4 Nf3+ $1 (17... Re8 18. Ng3 Qh4 19. Kf2 {[%cal Gf2g2]}) (17...
Raf8 18. O-O) (17... Qh4+ 18. Kd1 Qh5+ 19. Ke1 Qf3 20. Rf1) 18. Kf2 (18. Ke2 $2
Rxf4) (18. Kd1 $2 Re8 19. Rf1 (19. Ng3 Rxf4) 19... Qxe4 20. Qxe4 Rxe4 21. Rxf3
Rxc4) 18... Nh4 19. Ng3 Rf7 20. Bd2 g5 $1 21. Rae1 (21. Nh5 $1 gxf4 22. Nxf4
Re8 (22... Rxf4+ $2 23. exf4 Bd4+ 24. Kf1 Qg7 25. Qe4) 23. Rae1 Nf5 $17 {
[%cal Ge7h4]}) (21. f5 $2 Raf8 22. e4 Bd4+ 23. Kf1 Qe5 24. Qd3 Nxf5 $19) 21...
gxf4 22. exf4 Bd4+ 23. Kf1 Qg5 {Hier gab er auf, da er Dd3 zunächst gesehen,
dann aber wieder vergessen hat.} (23... Qg5 24. Qd3 Rxf4+ (24... b5) 25. Bxf4
Qxf4+ 26. Ke2 Ng2 27. Kd1 Nxe1 28. Rxe1 Bxb2) 0-1

[Event "LL Nord Lilienthal - Werder 3"]
[Site "?"]
[Date "2019.02.24"]
[Round "7.5"]
[White "Lai Hop, Duong"]
[Black "Jürgens, Vera"]
[Result "1-0"]
[WhiteElo "2147"]
[BlackElo "2228"]
[Annotator "Long"]
[PlyCount "129"]
[EventDate "2016.??.??"]

1. d4 c5 2. c3 b6 3. Bf4 e6 4. Nf3 Nf6 5. Nbd2 Bb7 6. e3 d6 7. Bd3 Nbd7 8. O-O
Qc7 9. h3 h6 10. e4 e5 11. Bg3 Nh5 12. Bh2 Nf4 13. Bxf4 exf4 14. a4 a6 15. Qe2
Be7 16. e5 O-O 17. Bc2 cxd4 18. Qd3 g6 19. e6 Nc5 20. exf7+ Rxf7 21. Qxd4 Kh7
22. Rfe1 Rg8 23. Rad1 Bf6 24. Qb4 d5 25. Nd4 Be7 26. Qa3 Ne4 27. Qa2 Nxd2 28.
Rxd2 f3 29. Nxf3 Rxf3 30. gxf3 Bc5 31. Kg2 Qf4 32. Rd4 Bxd4 33. cxd4 Qxd4 34.
Qa3 Qc5 35. Qxc5 bxc5 36. h4 Bc8 37. Re5 Bf5 38. Bxf5 gxf5+ 39. Kf1 Rd8 40.
Rxf5 Kg6 41. Re5 Kf6 42. f4 c4 43. Ke1 Rd6 44. Kd1 d4 45. Rh5 Kg6 46. Rc5 c3
47. bxc3 dxc3+ 48. Kc2 Rd4 49. h5+ Kg7 50. a5 Rxf4 51. Kxc3 Rxf2 52. Kd4 Kf6
53. Kd5 Rd2+ 54. Kc6 Rb2 55. Kc7 Rb3 56. Rc6+ Kg5 57. Rxa6 Kxh5 58. Rb6 Ra3 59.
a6 Kg5 60. Kb7 h5 61. a7 Kg4 $4 62. Ra6 Rb3+ 63. Kc7 Rc3+ 64. Kd7 Rd3+ 65. Ke7
1-0

[Event "LL Nord Nordhorn2 - Werder 3"]
[Site "?"]
[Date "2019.03.24"]
[Round "8.1"]
[White "Buchal, Stephan"]
[Black "Stotyn, Fabian"]
[Result "1-0"]
[WhiteElo "2266"]
[BlackElo "2236"]
[Annotator "Stephan"]
[PlyCount "91"]
[EventDate "2019.??.??"]

{100 Min. 40 Züge + 50 Min. Rest + 30 Sek.} 1. c4 c5 2. g3 Nf6 3. Bg2 d5 4.
cxd5 Nxd5 5. Nc3 Nc7 {101 - 102} 6. Nf3 Nc6 7. O-O e5 8. a3 Be6 9. d3 $6 (9. b4
f6 (9... cxb4 10. axb4 a6 11. Rb1)) 9... Be7 10. Be3 O-O {85 - 101} 11. Rc1 Qd7
12. Qa4 Rfd8 13. Ng5 Nd4 14. Qxd7 (14. Bxd4 exd4 (14... Bxg5 $2 15. Be3 Bxe3
16. fxe3 $16) 15. Nxe6 Nxe6 16. Qxd7 Rxd7 17. Ne4) 14... Rxd7 (14... Bxd7 $11)
15. Nxe6 $6 (15. Bxb7 Rb8 16. Nxe6 Ncxe6 17. Ba6 Rxb2 18. Kg2 $16) 15... Ncxe6
{26 - 73} 16. Rfe1 Rad8 17. Bh3 f5 18. Bxd4 Nxd4 19. Bg2 Bg5 (19... b5 $15) 20.
e3 Nb3 {7 (!!) - 66} 21. Rcd1 Kf8 22. h4 Bf6 23. e4 f4 24. Nd5 fxg3 $6 25. fxg3
Rd6 $2 {[%emt 0:00:52] 6 -} (25... Rf7 $142 $11) 26. Rf1 Kg8 27. Rf2 Na5 $6 28.
Rdf1 Nc6 29. Bh3 h6 30. Kg2 Ne7 $2 {[%emt 0:00:27] 6 -} (30... Nd4 31. Bg4 Rf8
32. Kh3 $16) 31. Rxf6 $18 Rxf6 32. Nxe7+ Kf7 33. Nd5 Rxf1 34. Kxf1 Rd6 35. Bg4
b5 {[%emt 0:00:22] 4 -} 36. Ke2 a5 37. Kd2 Kf8 38. Bd1 Rg6 39. g4 Rc6 40. a4
bxa4 {[%emt 0:00:15] 2 -} 41. Bxa4 Rg6 42. Bd1 Ra6 43. b3 g5 44. h5 Ra7 45. Ne3
Kg8 {46 - 64} 46. Nc4 1-0

[Event "LL Nord Nordhorn2 - Werder 3"]
[Site "?"]
[Date "2019.03.24"]
[Round "8.2"]
[White "Elgersma, Onno"]
[Black "Steffens, Olaf"]
[Result "0-1"]
[WhiteElo "2165"]
[BlackElo "2166"]
[PlyCount "52"]
[EventDate "2019.??.??"]

1. e4 e6 2. d4 d5 3. Nc3 Nc6 4. Nf3 Nf6 5. Bg5 Be7 6. e5 Ne4 7. Bxe7 Qxe7 8. a3
Bd7 9. Bd3 Ng5 10. Ng1 f6 11. f4 Nf7 12. Nge2 fxe5 (12... g5 13. exf6 Qxf6 14.
O-O) 13. dxe5 (13. fxe5 Nxd4 14. Nxd4 Qh4+) 13... g5 14. g3 gxf4 15. gxf4 Qh4+
16. Kd2 Qh6 (16... Nfxe5 17. fxe5 Qg5+ 18. Ke1 Nxe5 19. Ng3) 17. Nb5 O-O-O 18.
Qg1 Nfxe5 19. Nxa7+ Kb8 20. Nxc6+ Bxc6 21. Qf2 d4 22. Rhd1 Rhg8 23. Kc1 Rg2 24.
Qe1 Nxd3+ 25. cxd3 Qxh2 26. Rd2 Bf3 0-1

[Event "LL Nord Nordhorn2 - Werder3"]
[Site "?"]
[Date "2019.03.24"]
[Round "8.3"]
[White "Colbow, Collin"]
[Black "Van Der Veen, Jan"]
[Result "0-1"]
[WhiteElo "2111"]
[BlackElo "1986"]
[Annotator "Colbow"]
[PlyCount "90"]
[EventDate "2016.??.??"]

1. e4 e5 2. Nf3 Nc6 3. Bb5 a6 4. Ba4 Nf6 5. d3 b5 6. Bb3 Be7 7. O-O d6 8. c3
Na5 9. Bc2 c5 10. Re1 Nc6 11. Nbd2 O-O 12. Nf1 Re8 13. Ne3 Bf8 14. a4 Bb7 15.
Nf5 h6 16. N3h4 d5 17. Qf3 d4 18. Bb3 c4 19. dxc4 Na5 20. Bc2 bxc4 21. Qg3 Kh8
22. cxd4 exd4 23. e5 d3 24. Bxh6 gxh6 25. exf6 Qxf6 26. Bxd3 cxd3 27. Qxd3 Rad8
28. Qc2 Nc6 29. Qb3 Ba8 30. Qh3 Bb7 31. Ne3 Bc8 32. Qf3 Qxf3 33. Nxf3 Nd4 34.
Nxd4 Rxd4 35. h3 a5 36. b3 Be6 37. Nc4 Bb4 38. Re5 Ra8 39. Ne3 Rad8 40. Rb1 Rd3
41. Rh5 Kg7 42. g4 Bd2 43. Nf1 R8d5 44. Rxd5 Rxd5 45. Nxd2 Rxd2 0-1

[Event "LL Nord Nordhorn2 - Werder 3"]
[Site "?"]
[Date "2019.03.24"]
[Round "8.4"]
[White "Schrader, Hans-Joachim"]
[Black "Lai Hop, Duong"]
[Result "0-1"]
[WhiteElo "1920"]
[BlackElo "2147"]
[Annotator "Long"]
[PlyCount "134"]
[EventDate "2016.??.??"]

1. e4 d5 2. exd5 Qxd5 3. Nc3 Qd6 4. d4 Nf6 5. Nf3 c6 6. Ne5 Nbd7 7. Nc4 Qc7 8.
Qf3 Nb6 9. Bf4 Qd8 10. Be5 Bg4 11. Qg3 h5 12. h3 h4 13. Qf4 Be6 14. Ne3 Nbd5
15. Nexd5 Nxd5 16. Nxd5 Qxd5 17. Qd2 Qe4+ 18. Qe2 Qd5 19. Qe3 Bf5 20. c3 O-O-O
21. Be2 f6 22. Bf3 Qb5 23. Bh2 g6 24. d5 cxd5 25. Qxa7 e5 26. a4 Qc5 27. Qxc5+
Bxc5 28. O-O Kc7 29. b4 Bb6 30. a5 Ba7 31. b5 Bc5 32. Rfd1 Be4 33. Be2 g5 34.
Kf1 Rhe8 35. Rdc1 Ra8 36. f3 Bf5 37. Bg1 Kd6 38. Rd1 Bxg1 39. Kxg1 Kc5 40. Kf2
Bc2 41. Rd2 Bb3 42. Rb2 Bc4 43. Ra4 Bxe2 44. Kxe2 Ra7 45. Kd3 Rea8 46. Rba2
Kxb5 47. Rb4+ Kc5 48. Rb6 Rxa5 49. Rab2 R8a6 50. Rxb7 Ra2 51. R7b5+ Kd6 52. Rb8
Rxb2 53. Rxb2 Ra3 54. Kc2 Kc5 55. Kd2 Ra1 56. Kc2 Rg1 57. Kd3 f5 58. Ra2 e4+
59. fxe4 dxe4+ 60. Ke3 Re1+ 61. Kf2 Rb1 62. Ra8 Rb2+ 63. Kf1 Kc4 64. Ra5 Rb5
65. Ra8 Kxc3 66. Rd8 Rb1+ 67. Ke2 Rb2+ 0-1

[Event "LL Nord Nordhorn2 - Werder 3"]
[Site "?"]
[Date "2019.03.24"]
[Round "8.6"]
[White "Bos, Robin"]
[Black "Elmali, Timur"]
[Result "0-1"]
[WhiteElo "1977"]
[BlackElo "2102"]
[Annotator "Tim"]
[PlyCount "64"]
[EventDate "2019.??.??"]

1. e4 d6 2. d4 Nf6 3. Nc3 g6 4. f3 c6 5. Be3 b5 6. Qd2 Nbd7 7. g4 b4 8. Nce2 a5
9. g5 Nh5 10. Ng3 Nxg3 11. hxg3 Bg7 12. Rh4 c5 13. f4 Qb6 14. e5 Bb7 15. O-O-O
O-O-O 16. Bh3 c4 17. d5 Qc7 18. exd6 exd6 19. Bd4 Bxd4 20. Qxd4 Kb8 21. Bxd7
Qxd7 22. Qxc4 Rc8 23. Qd4 (23. Qd3 Rc5 24. Nf3 Bxd5 25. b3 Re8 26. Nd4 Qc8)
23... Qa4 24. Rh2 Qxa2 25. Nf3 b3 26. Ne1 Rhe8 27. Kd2 Rc5 28. c4 Qa4 (28...
Rxc4 29. Qxc4 Qxb2+ 30. Kd3 Qxh2) 29. Rc1 Rxd5 30. Qxd5 Bxd5 31. cxd5 Qd4+ 32.
Nd3 Qe3+ 0-1

[Event "LL Nord Nordhorn2 - Werder 3"]
[Site "Nordhorn"]
[Date "2019.03.24"]
[Round "8.7"]
[White "Buescher, Andre"]
[Black "Wolterink, Thorsten"]
[Result "1-0"]
[WhiteElo "1993"]
[BlackElo "1842"]
[PlyCount "85"]
[EventDate "2019.??.??"]

1. e4 Nf6 2. e5 Nd5 3. Nc3 Nb6 4. d4 d5 5. f4 Nc6 6. Nce2 h5 7. c3 g6 8. Nf3
Bg7 9. Neg1 Bf5 10. Bd3 Qd7 11. Ne2 O-O-O 12. b3 f6 13. Nh4 {?!} Be4 14. Nxg6
Bxg6 {?} 15. Bxg6 Qg4 16. Bd3 (16. Qd3 {!} e6 17. h3 Qxg2 18. Rg1 Qh2 19. Bf7
Bh6 20. Qf3 fxe5 21. Rh1 e4 22. Bxe6+ Kb8 23. Qf1 {%00%a10 %V1}) 16... h4 17.
Qc2 e6 18. Bd2 f5 19. O-O-O Bh6 20. Rhg1 Kb8 21. Kb1 Ne7 22. a4 Rhg8 23. a5
Nbc8 24. b4 Nc6 25. Kb2 a6 26. b5 {?} axb5 27. Ra1 N6a7 28. Be3 Bf8 29. Nc1 Qh5
30. Nb3 c6 31. Be2 Qh7 32. g4 hxg3 33. hxg3 Qc7 34. g4 Qe7 {?} 35. gxf5 Rxg1
36. f6 Qc7 37. Rxg1 b6 38. Bg4 bxa5 39. Bxe6 (39. Nc5 {!}) 39... Nb6 40. Ka1
Nc4 41. Bc1 Re8 {?!} 42. Rg8 Qd8 43. Bf7 1-0

[Event "LL Nord Nordhorn2 - Werder 3"]
[Site "?"]
[Date "2019.03.24"]
[Round "8.8"]
[White "van Akkeren, Arno"]
[Black "Hoepfner, Oliver"]
[Result "1-0"]
[WhiteElo "2060"]
[BlackElo "1913"]
[PlyCount "95"]
[EventDate "2019.??.??"]

1. e4 d5 2. exd5 Qxd5 3. Nc3 Qa5 4. d4 c6 5. Nf3 Bf5 6. Bc4 e6 7. O-O Nf6 8.
Bf4 Be7 9. Qe2 O-O 10. a3 Nbd7 11. b4 Qd8 12. Nh4 Bg6 13. Nxg6 hxg6 14. Bg3 Nb6
15. Rfd1 Nxc4 16. Qxc4 Nh5 17. Be5 Nf6 18. Rd3 a6 19. Re1 Qd7 20. Rh3 b5 21.
Qe2 a5 22. g4 axb4 23. axb4 Rfd8 24. g5 Nh5 25. Rxh5 gxh5 26. Qxh5 Bxb4 27. Ne4
Bxe1 28. Nf6+ gxf6 29. Bxf6 Bxf2+ 30. Kf1 Ra1+ 31. Ke2 Re1+ 32. Kxf2 Qxd4+ 33.
Bxd4 Rxd4 34. Kxe1 Re4+ 35. Kd2 Rd4+ 36. Ke3 Rd5 37. Qh6 Re5+ 38. Kd3 Rd5+ 39.
Ke3 Re5+ 40. Kd4 Rd5+ 41. Ke4 Rc5 42. h4 Rxc2 43. h5 Rh2 44. Ke5 Rf2 45. g6
fxg6 46. hxg6 Re2+ 47. Kf6 Rf2+ 48. Ke7 1-0

[Event "LL Nord Werder3 - Kirchweyhe"]
[Site "?"]
[Date "2019.04.28"]
[Round "9.1"]
[White "Stevic, Hrvoje"]
[Black "Mueller, Oliver"]
[Result "1/2-1/2"]
[WhiteElo "2280"]
[BlackElo "2247"]
[PlyCount "115"]
[EventDate "2019.??.??"]

{100 Min. 40 Züge + 50 Min. Rest + 30 Sek.} 1. e4 c6 2. d4 d5 3. Nc3 dxe4 4.
Nxe4 Bf5 5. Ng3 Bg6 6. Nh3 Nd7 7. c3 e6 8. Nf4 Qc7 9. h4 Bd6 10. Nxg6 hxg6 11.
Ne4 Bf4 12. g3 Bxc1 13. Qxc1 Ndf6 14. Ng5 Nh6 15. Qc2 O-O-O 16. O-O-O Kb8 17.
Bg2 Rd7 18. Rhe1 Rhd8 19. b4 Qb6 20. Kb2 Nf5 21. Nf3 Nd6 22. Ne5 Rc7 23. Qb3
Rcc8 24. Ka1 Nd7 25. c4 Qc7 26. b5 cxb5 27. c5 Nf5 28. Nxf7 Nxc5 29. dxc5 Qxf7
30. Qxb5 Nd4 31. Qb2 Nf3 32. Rf1 Rd5 33. Rxd5 exd5 34. Rb1 Rc7 35. c6 b6 36.
Qc3 Nh2 37. Qd4 Rxc6 38. Qe5+ Rc7 39. Bxd5 Qxf2 40. Qe8+ Rc8 41. Qe5+ Rc7 42.
Be4 Ng4 43. Qd6 Qf6+ 44. Qxf6 Nxf6 45. Bxg6 Rc3 46. Rg1 Kc7 47. g4 Rh3 48. h5
Rh2 49. g5 Nxh5 50. Rf1 Kd6 51. Rf7 a5 52. Bxh5 Rxh5 53. Rxg7 Rh2 54. g6 Rg2
55. Rg8 Kc5 56. g7 Kb4 57. Rb8 Rxg7 58. Rxb6+ 1/2-1/2

[Event "LL Nord Werder3 - Kirchweyhe"]
[Site "?"]
[Date "2019.04.28"]
[Round "9.4"]
[White "Lai Hop, Duong"]
[Black "Palac, Mladen"]
[Result "0-1"]
[WhiteElo "2157"]
[BlackElo "2523"]
[PlyCount "104"]
[EventDate "2019.??.??"]

{100 Min. 40 Züge + 50 Min. Rest + 30 Sek.} 1. d4 Nf6 2. Bf4 c5 3. e3 Qb6 4.
Nc3 a6 5. Rb1 d5 6. Be5 Nbd7 7. Nf3 e6 8. dxc5 Bxc5 9. Bd4 Qc7 10. Bxc5 Nxc5
11. Qd4 O-O 12. Bd3 Re8 13. Ne5 b5 14. b4 Ncd7 15. Nxd7 Bxd7 16. O-O Rac8 17.
Rb3 e5 18. Qh4 Be6 19. Ra3 e4 20. Be2 Qd6 21. Rb1 d4 22. exd4 Qxd4 23. Qg3 Rc6
24. Bd1 Bc4 25. Qe3 Qxe3 26. fxe3 Rd8 27. Rc1 h5 28. h3 Kh7 29. Be2 Rd2 30. Bf1
Bxf1 31. Kxf1 h4 32. Kg1 Kg6 33. Kf1 Kg5 34. Kg1 Kf5 35. Rf1+ Ke5 36. Rf2 Rxf2
37. Kxf2 Nd5 38. Nxd5 Kxd5 39. c3 Kc4 40. Ke2 Rg6 41. Kf2 Kd3 42. Rb3 Kd2 43.
Kf1 Rf6+ 44. Kg1 Kc2 45. Kh2 Rc6 46. Ra3 Kb2 47. Ra5 Kxc3 48. a3 Kd3 49. Kg1
Kxe3 50. a4 bxa4 51. Rxa4 Kd3 52. Ra5 e3 0-1

[Event "LL Nord Werder3 - Kirchweyhe"]
[Site "?"]
[Date "2019.04.28"]
[Round "9.5"]
[White "Jovanovic, Zoran"]
[Black "Franke, Reiner"]
[Result "1-0"]
[WhiteElo "2551"]
[BlackElo "2175"]
[PlyCount "71"]
[EventDate "2019.??.??"]

{100 Min. 40 Züge + 50 Min. Rest + 30 Sek.} 1. e4 c5 2. Nc3 g6 3. d4 cxd4 4.
Qxd4 Nf6 5. Nf3 Nc6 6. Qa4 d6 7. e5 dxe5 8. Nxe5 Bd7 9. Nxd7 Nxd7 10. Bb5 Bg7
11. O-O O-O 12. Bxc6 bxc6 13. Qxc6 Rc8 14. Qa6 Bxc3 15. bxc3 Qc7 16. Be3 Nb6
17. Rfe1 Nc4 18. Qxa7 Nxe3 19. Qxc7 Rxc7 20. Rxe3 Ra8 21. a3 Ra4 22. Kf1 f6 23.
Ke2 Kf7 24. Kd2 e5 25. Rd3 Ke6 26. Rd8 Rca7 27. Rb8 f5 28. Rb4 R4a6 29. a4 e4
30. h4 Kd5 31. a5 Kc6 32. Rc4+ Kd6 33. Rca4 h6 34. Rb1 Kc5 35. c4 Kc6 36. Rb5
1-0

[Event "LL Nord Werder3 - Kirchweyhe"]
[Site "?"]
[Date "2019.04.28"]
[Round "9.6"]
[White "Elmali, Timur"]
[Black "Zelcic, Robert"]
[Result "0-1"]
[WhiteElo "2102"]
[BlackElo "2486"]
[PlyCount "82"]
[EventDate "2019.??.??"]

{100 Min. 40 Züge + 50 Min. Rest + 30 Sek.} 1. d4 Nf6 2. c4 e6 3. Nf3 c5 4.
Nc3 cxd4 5. Nxd4 Bb4 6. Ndb5 O-O 7. Bg5 a6 8. Nd6 Qb6 9. Nxc8 Rxc8 10. Bxf6
gxf6 11. e3 Qa5 12. Rc1 Qxa2 13. Rc2 Bxc3+ 14. bxc3 Qa5 15. h4 Kf8 16. Qd6+ Ke8
17. Rh3 Qe5 18. Qd3 f5 19. Rg3 Ke7 20. f4 Qd6 21. Qe2 Qb6 22. Rd2 Nc6 23. Qd3
Qc7 24. c5 Rg8 25. Qd6+ Qxd6 26. cxd6+ Kf6 27. Kf2 Rxg3 28. Kxg3 Rc8 29. c4 Na5
30. Rd4 Rc6 31. Be2 Nb3 32. Rd1 Nc5 33. Bf3 Rb6 34. Rd2 Rb4 35. Rc2 a5 36. Kf2
a4 37. Ke1 a3 38. Kd2 Rb3 39. Ra2 b6 40. g4 fxg4 41. Bxg4 Ne4+ 0-1

[Event "LL Nord Werder3 - Kirchweyhe"]
[Site "Bremen"]
[Date "2019.04.28"]
[Round "9.7"]
[White "Medak, Bojan"]
[Black "Buescher, Andre"]
[Result "1-0"]
[WhiteElo "2376"]
[BlackElo "1993"]
[PlyCount "181"]
[EventDate "2019.??.??"]

1. Nf3 Nf6 2. c4 g6 3. b4 Bg7 4. Bb2 O-O 5. g3 c6 6. Bg2 d5 7. cxd5 cxd5 8. O-O
Qb6 9. Qb3 Nc6 10. b5 Na5 11. Qb4 Bd7 12. a4 Rfc8 13. d3 Qd8 14. Nbd2 Rc2 15.
Rab1 Bf8 16. Qd4 a6 17. e4 axb5 18. e5 Ne8 19. e6 Bg7 20. exf7+ Kxf7 21. Ng5+
Kg8 22. Qxd5+ e6 23. Nxe6 Bxe6 24. Qxe6+ Kh8 25. Bd5 Nf6 26. Bxf6 Qxf6 27. Qxf6
Bxf6 28. Ne4 Bb2 29. axb5 Rd8 30. Be6 Rxd3 31. Kg2 Nb3 32. Rfd1 Nd2 33. Bb3
Rxb3 34. Rxd2 Rxd2 35. Nxd2 Rb4 36. Kf1 Kg7 37. Ke2 Kf6 38. Kd3 Rd4+ 39. Ke3
Rb4 40. Kd3 Rd4+ 41. Kc2 Ba3 42. Kc3 Rd7 43. f3 g5 44. b6 Be7 45. Rb5 Kg6 46.
Ne4 Rd1 47. Kc4 Rc1+ 48. Kd5 Rc6 49. g4 h5 50. h3 Bd8 51. Nd6 Rxb6 52. Rxb6
Bxb6 53. Ke6 hxg4 54. hxg4 Be3 55. Nxb7 Bd2 56. Nd6 Bf4 57. Nf7 Bd2 58. Ne5+
Kh6 59. Kf6 Bc3 60. Kf5 Kg7 61. Nc4 Bf6 62. Ne5 Be7 63. Nd3 Bd8 64. Nc5 Kh6 65.
Nd7 Kg7 66. Ne5 Be7 67. Nc4 Bf6 68. Nd6 Be7 69. Ke6 Bf8 70. Nf7 Kg6 71. Ne5+
Kh6 (71... Kg7 {=}) 72. Kf6 Bg7+ 73. Kf5 Kh7 74. Nf7 Bb2 75. Nxg5+ Kg7 76. f4
Bc1 77. Ne6+ Kf7 78. g5 Bb2 79. Nc5 Bc3 80. Nd3 Kg7 81. Kg4 Bd4 82. f5 Be3 83.
f6+ Kg8 84. Kf5 Bd2 85. g6 Bh6 86. Nf4 Kf8 87. Ne6+ Ke8 88. f7+ Ke7 89. f8=Q+
Bxf8 90. Nxf8 Kxf8 91. Kf6 1-0